Perspectiva cristiana sobre los problemas sociales del Mercado Común Europeo
Gespeichert in:
| Hauptverfasser: | , , , , , , , |
|---|---|
| Weitere Verfasser: | |
| Format: | Buch |
| Sprache: | Spanisch |
| Veröffentlicht: |
Madrid
Centro de Estudios Sociales del Valle de los Caidos
1973
|
| Schriftenreihe: | Anales de Moral Social y Económica, 32
|
| Schlagworte: | |
| Tags: |
Tag hinzufügen
Keine Tags, Fügen Sie den ersten Tag hinzu!
|
MARC
| LEADER | 00000nam a2200000 a 4500 | ||
|---|---|---|---|
| 001 | UCR2228 | ||
| 003 | CL-VaPUC | ||
| 008 | 980109e19730000SP |||||||||||||||||spa|d | ||
| 082 | 0 | 4 | |a 261.85 |b ARD |2 21 |
| 100 | 0 | |a Ardura Calleja, María Luisa |e author |9 400033 | |
| 700 | 0 | |a Chozas Bermudez, Antonio |e author |9 400034 | |
| 700 | 0 | |a Cossio, Rafael de |e author |9 400035 | |
| 700 | 0 | |a Maravall Casesnoves, Héctor |e author |9 400036 | |
| 700 | |a Moix Martínez, Manuel |e autor |9 536081 | ||
| 700 | 0 | |a Pérez Leñero, José |e author |9 400038 | |
| 700 | 0 | |a Sánchez Creus, Fernando |e author |9 400039 | |
| 700 | 0 | |a Ucelay Repolles, Mariano |e author |9 400040 | |
| 700 | 0 | |a Velarde Fuertes, Juan |e author |9 400041 | |
| 245 | 1 | 0 | |a Perspectiva cristiana sobre los problemas sociales del Mercado Común Europeo |
| 300 | |a 310 p | ||
| 942 | |c BK | ||
| 945 | |d 19980109 00:00:00 |a rleighto | ||
| 260 | |a Madrid |b Centro de Estudios Sociales del Valle de los Caidos |c 1973 | ||
| 600 | 0 | 7 | |a MERCADO COMUN EUROPEO |2 CL-VaPUC |9 381542 |
| 650 | 0 | |a Cristianismo |9 257361 | |
| 650 | 0 | |a Problemas sociales |9 258537 | |
| 650 | 0 | |a Seguridad social |9 255322 | |
| 650 | 7 | |a SINDICALISMO |2 CL-VaPUC |9 400042 | |
| 650 | 0 | |a Servicios sociales |9 338304 | |
| 650 | 0 | |a Política económica |9 255029 | |
| 650 | 0 | |a Política social |9 257588 | |
| 650 | 7 | |a POLITICA AGRARIA |2 CL-VaPUC |9 264314 | |
| 583 | |a last modification |c 19980109 00:00:00 |k Rodrigo Vera | ||
| 490 | 0 | |a Anales de Moral Social y Económica, 32 | |
| 999 | |c 265486 |d 265484 | ||
| 952 | |0 0 |1 0 |4 0 |6 261_850000000000000_ARD_1973 |7 0 |8 A |9 296430 |a BIBTEO |b BIBTEO |d 2019-11-20 |i 3372820 |o 261.85 ARD 1973 |p 3372820 |r 2025-01-17 |w 2019-11-20 |y BK |k ICR | ||